000
00245nam a2200097Ia 4500
001
690256
005
20250826161813.0
008
250824s9999 xx 000 0 und d
245
0
_a
OPERASYON ERGENEKON
_c
ŞAMİL TAYYAR
260
_b
TİMAŞ YAYINLARI
999
_c
690256
_d
690256